ბათუმის შოთა რუსთაველის სახელმწიფო უნივერსიტეტის ბიბლიოთეკა

Проектирование и монтаж промышленных электрических сетей. (ბიბ.ჩანაწერი № 41429)

000 -LEADER
fixed length control field 00726nam a2200205Ia 4500
001 - CONTROL NUMBER
control field 8091
003 - CONTROL NUMBER IDENTIFIER
control field GE_BSU
008 - FIXED-LENGTH DATA ELEMENTS--GENERAL INFORMATION
fixed length control field 181216s||||||||xx |||||||||||||| ||und||
040 ## - CATALOGING SOURCE
Transcribing agency GE_BSU
080 ## - UNIVERSAL DECIMAL CLASSIFICATION NUMBER
Universal Decimal Classification number 621.316.001
100 ## - MAIN ENTRY--PERSONAL NAME
Personal name Крупович,В.И. Ермилов,А.А. Трунковский,Л.Е.
245 ## - TITLE STATEMENT
Title Проектирование и монтаж промышленных электрических сетей.
245 ## - TITLE STATEMENT
Statement of responsibility, etc. Ред. В.Д.Никельберг.
260 ## - PUBLICATION, DISTRIBUTION, ETC.
Place of publication, distribution, etc. М.
260 ## - PUBLICATION, DISTRIBUTION, ETC.
Name of publisher, distributor, etc. Энергия.
260 ## - PUBLICATION, DISTRIBUTION, ETC.
Date of publication, distribution, etc. 1971.
300 ## - PHYSICAL DESCRIPTION
Extent 504стр.22см.с илл.
653 ## - INDEX TERM--UNCONTROLLED
Uncontrolled term Проектирование и монтаж промышленных электрических сетей.
942 ## - ADDED ENTRY ELEMENTS (KOHA)
Koha item type წიგნი
ეგზემპლარები
Withdrawn status Lost status Damaged status Not for loan Date acquired Barcode Date last seen Price effective from Koha item type
        2018-12-17 10110 2018-12-17 2018-12-17 წიგნი